Asiatische Millionenstädte - Sudden Death - Statistiken

Allgemein
  • Dieses Quiz wurde 404 mal gespielt
  • Das Durchschnittsergebnis liegt bei 3 aus 15
Answers on the Grid
Answers color-coded by a green-red scale on the quiz's grid according to % correct below.
Aşgabat
Bahawalpur
Bandung
Beirut
Bengaluru
Colombo
Erdenet
Foshan
Gəncə
Ho-Chi-Minh-Stadt
Jerusalem
Kandahar
Mekka
Naypyidaw
Neu-Delhi
Padang
Pokhara
Quezon City
Raipur
Sapporo
Shanghai
Shijiazhuang
Sochumi
Stepanakert
Thimphu
Urmia
Wuhan
Wuhu
Wuxi
Zchinwali
 
Antwortstatistiken
Antwort % Korrekt
Ho-Chi-Minh-Stadt
45%
Shanghai
41%
Wuhan
40%
Beirut
33%
Bengaluru
26%
Bandung
19%
Mekka
18%
Shijiazhuang
9%
Sapporo
8%
Wuxi
7%
Naypyidaw
6%
Quezon City
6%
Wuhu
5%
Foshan
4%
Raipur
1%
Keine übereinstimmenden Quizze gefunden
Verteilung der Resultate
Anzahl Personen mit jedem Resultat
Perzentil nach korrekt beantworteten Fragen
Ihre Resultats-Entwicklung
Sie haben dieses Quiz noch nicht gespielt